| 000 | 00391nam a2200169Ia 4500 | ||
|---|---|---|---|
| 003 | OSt | ||
| 005 | 20240409114859.0 | ||
| 008 | 170524s9999 xx 000 0 und d | ||
| 015 | _2978-8174467478 | ||
| 020 | _a 8122000274 | ||
| 040 | _cIIMT UNIVERSITY | ||
| 100 | _aRao -Subba | ||
| 100 | _c2010 | ||
| 245 | 0 | _aORGANISATIONAL BEHAVIOR | |
| 260 | _aHimalaya Pub. House | ||
| 942 |
_2ddc _c02 |
||
| 999 |
_c2553 _d2553 |
||